• 首页
  • 本馆介绍
  • 公告通知
  • 最新文献
  • 馆藏检索
  • 电子资源
  • 读者导购
  • 参考咨询
  • 我的图书馆
  • 登录
  • 详细信息显示
  • 放入我的书架
  • 预约/预借图书
  • 作者相关作品
  • 分类相关作品
  • 丛书相关作品
  • 出版社相关作品

书目信息

  • 表格格式
  • 工作单格式
  • 卡片格式
题名:
初中教师进修高等师范专科《政治经济学》学习指导材料
    
 
作者: 河北省师训办公室
分册:   资本主义部分
出版信息: 石家庄    1994
页数: 96页
开本: 19cm
丛书名:
单 册:
中图分类: F02
科图分类:
主题词: 前资本主义社会--生产方式
电子资源:
ISBN:
000 00755nam0 2200205 45
001 0009201784
005 20070611154624.78
010    @dCNY1.33
100    @a20000920d1994 km y0chiy0120 ea
101 0  @achi
102    @aCN@b130000
200 1  @a初中教师进修高等师范专科《政治经济学》学习指导材料@Achu zhong jiao shi jin xiu gao deng shi fan zhuan ke《zheng zhi jing ji xue》xue xi zhi dao cai liao@i资本主义部分@f河北省师训办公室@Fhe bei sheng shi xun ban gong shi
210    @a石家庄@b河北省师训办公室@d1994
215    @a96页@d19cm
517    @a资本主义部分@AZi Ben Zhu Yi Bu Fen
606 0  @a前资本主义社会@x生产方式
690    @aF02@v1
701  0 @a河北省师训办公室@Ahe bei sheng shi xun ban gong shi
801    @aCN@bTSTC@c20070611
905    @dF02@e52
    
    初中教师进修高等师范专科《政治经济学》学习指导材料.资本主义部分/河北省师训办公室.-石家庄(河北省师训办公室),1994
    96页;19cm
    
    
    ISBN :CNY1.33
    
●
相关链接 在E读中查询图书 在五车中查询图书 在当当中查询图书 在豆瓣中查询图书


正题名:初中教师进修高等师范专科《政治经济学》学习指导材料     索取号:F02/52         预约/预借

序号 登录号 条形码 馆藏地/架位号 状态 备注
1 0519972   205199729   第一样本阅览室/ [索取号:F02/52] 在馆    
2 0519973   205199738   密集书库/ [索取号:F02/52] 在馆    
3 0519974   205199747   密集书库/ [索取号:F02/52] 在馆    
4 0519975   205199756   密集书库/ [索取号:F02/52] 在馆    
5 0519976   205199765   密集书库/ [索取号:F02/52] 在馆    
6 0519977   205199774   密集书库/ [索取号:F02/52] 在馆    
7 0519978   205199783   密集书库/ [索取号:F02/52] 在馆    
8 0519979   205199792   密集书库/ [索取号:F02/52] 在馆    
9 0519980   205199809   密集书库/ [索取号:F02/52] 在馆    
10 0519981   205199818   密集书库/ [索取号:F02/52] 在馆    
11 0519982   205199827   密集书库/ [索取号:F02/52] 在馆    
12 0519983   205199836   密集书库/ [索取号:F02/52] 在馆    
唐山师范学院图书馆 欢迎您!
大连网信软件有限公司© 版权所有